Équipe Stade rochelais finale Coupe d'Europe 2022. - Statistiques

Statistiques générales
  • Ce quiz a été pris 90 fois
  • Le résultat moyen est 17 sur 23
Statistiques - réponses
Joueur % Correct
8. {Grégory Alldritt}
95%
15. {Brice Dulin}
94%
3. {Uini Atonio}
94%
2. {Pierre Bourgarit}
91%
5. {Will Skelton}
88%
10. {Ihaia West}
86%
12. {Jonathan Danty}
85%
14. {Dillyn Leyds}
82%
11. {Raymond Rhule}
77%
19. {Romain Sazy}
74%
17. {Reda Wardi}
73%
21. {Arthur Retière}
71%
4. {Thomas Lavault}
70%
9. {Thomas Berjon}
68%
7. {Matthias Haddad}
67%
1. {Dany Priso}
62%
13. {Jérémy Sinzelle}
58%
23. {Jules Favre}
58%
22. {Levani Botia}
58%
18. {Joël Sclavi}
56%
20. {Rémi Bourdeau}
52%
6. {Wiaan Liebenberg}
52%
16. {Facundo Bosch}
50%
Aucun quiz correspondant
Distribution des résultats
% des personnes avec chaque résultat
Percentile par nombre de réponses
Votre historique - résultats
Vous n’avez pas pris ce quiz